[Event "Logumkloster-chA"]
[Site "Logumkloster"]
[Date "2015.05.12"]
[Round "5"]
[White "Knott, Richard"]
[Black "Schroder, Borge"]
[Result "1/2-1/2"]
[WhiteElo "1736"]
[BlackElo "1653"]
[PlyCount "54"]
[EventDate "2015.04.07"]
[EventType "tourn"]
[EventRounds "5"]
[EventCountry "DEN"]
[SourceTitle "EXT 2023"]
[Source "ChessBase"]
[SourceDate "2022.10.05"]
[SourceVersion "1"]
[SourceVersionDate "2022.10.05"]
[SourceQuality "1"]

1. d4 b6 2. e4 Bb7 3. Bd3 e6 4. Nf3 c5 5. c3 d6 6. 0-0 Nd7 7. Re1 Be7 8. Nbd2 a6 9. Nf1 Ngf6 10. Ng3 Rc8 11. h3 b5 12. Be3 Nb6 13. Qe2 0-0 14. dxc5 dxc5 15. Rad1 Qc7 16. Bb1 e5 17. Bg5 Ne8 18. Bc1 f6 19. Nf5 Nd6 20. N3h4 Nxf5 21. Nxf5 g6 22. Qg4 Kh8 23. Bh6 Rfd8 24. Ng7 Rxd1 25. Rxd1 Rd8 26. Rxd8+ Qxd8 27. Ne6 Qd7 1/2-1/2

[Event "Logumkloster-chA"]
[Site "Logumkloster"]
[Date "2015.05.05"]
[Round "4"]
[White "Posselt, Karl"]
[Black "Knott, Richard"]
[Result "1/2-1/2"]
[WhiteElo "1603"]
[BlackElo "1736"]
[PlyCount "72"]
[EventDate "2015.04.07"]
[EventType "tourn"]
[EventRounds "5"]
[EventCountry "DEN"]
[SourceTitle "EXT 2023"]
[Source "ChessBase"]
[SourceDate "2022.10.05"]
[SourceVersion "1"]
[SourceVersionDate "2022.10.05"]
[SourceQuality "1"]

1. e4 e6 2. d4 d5 3. Nd2 dxe4 4. Nxe4 Nd7 5. Be3 Ngf6 6. Bd3 Nxe4 7. Bxe4 Nf6 8. Bf3 Be7 9. Ne2 0-0 10. 0-0 Nd5 11. c4 Nxe3 12. fxe3 c5 13. d5 exd5 14. cxd5 Bd6 15. Qd3 f5 16. Rad1 Qe7 17. Rfe1 Bd7 18. Nc3 Rae8 19. e4 Qh4 20. g3 Qg5 21. Bg2 f4 22. Qd2 Bg4 23. Ne2 c4 24. Rc1 Bxe2 25. Rxe2 Bc5+ 26. Kh1 Be3 27. Rxe3 fxe3 28. Qe2 Rf2 29. Qxc4 Qe5 30. d6+ Kh8 31. d7 Rd8 32. Rc2 Qe7 33. Rxf2 exf2 34. Bh3 Rxd7 35. Bxd7 Qxd7 36. Kg2 h6 1/2-1/2

[Event "Grenzturnering 1314"]
[Site "Denmark"]
[Date "2014.04.29"]
[Round "7"]
[White "Heinemann, Guido"]
[Black "Knott, Richard"]
[Result "1-0"]
[WhiteElo "1848"]
[BlackElo "1791"]
[PlyCount "43"]
[EventDate "2013.09.24"]
[EventType "swiss"]
[EventRounds "7"]
[EventCountry "DEN"]
[SourceTitle "EXT 2023"]
[Source "ChessBase"]
[SourceDate "2022.10.05"]
[SourceVersion "1"]
[SourceVersionDate "2022.10.05"]
[SourceQuality "1"]

1. e4 e6 2. d4 d5 3. Nc3 dxe4 4. f3 Bb4 5. a3 Bxc3+ 6. bxc3 Bd7 7. Bc4 Bc6 8. Bf4 Nf6 9. fxe4 Nxe4 10. Qg4 Qf6 11. Ne2 Nxc3 12. Bg5 Qg6 13. Nxc3 h6 14. d5 Bd7 15. dxe6 Bxe6 16. Bxe6 fxe6 17. 0-0 hxg5 18. Rae1 Rh6 19. Qb4 Nd7 20. Qxb7 Rb8 21. Qxc7 e5 22. Rxe5+ 1-0

[Event "Schleswig Holstein-ch Seniors"]
[Site "Leck"]
[Date "2014.04.12"]
[Round "1"]
[White "Priss, Klaus Peter"]
[Black "Knott, Richard"]
[Result "0-1"]
[WhiteElo "1660"]
[BlackElo "1791"]
[PlyCount "68"]
[EventDate "2014.04.12"]
[EventType "swiss"]
[EventRounds "9"]
[EventCountry "GER"]
[SourceTitle "EXT 2018"]
[Source "ChessBase"]
[SourceDate "2017.10.13"]
[SourceVersion "1"]
[SourceVersionDate "2017.10.13"]
[SourceQuality "1"]

1. e4 e6 2. Nc3 d5 3. Bb5+ c6 4. Ba4 Bd7 5. d4 Bb4 6. Bd2 Ne7 7. Nf3 0-0 8. 0-0 c5 9. dxc5 Bxc3 10. Bxd7 Bxd2 11. Qxd2 Qxd7 12. e5 Qc7 13. b4 Nbc6 14. Rae1 Ng6 15. Qc3 Rac8 16. a3 b6 17. cxb6 Qxb6 18. Qd2 Qc7 19. Qe3 Nce7 20. Nd4 Qb6 21. g4 Rc4 22. c3 Rfc8 23. Rc1 Nc6 24. f4 Nxd4 25. cxd4 Rxc1 26. Rxc1 Rxc1+ 27. Qxc1 Qxd4+ 28. Kh1 Qc4 29. Qe3 Qf1+ 30. Qg1 Qf3+ 31. Qg2 Qxf4 32. Qc2 Qf3+ 33. Qg2 Qxg2+ 34. Kxg2 Nxe5 0-1

[Event "Grenzturnering 1314"]
[Site "Denmark"]
[Date "2013.10.15"]
[Round "2"]
[White "Homuth, Kim"]
[Black "Knott, Richard"]
[Result "1-0"]
[WhiteElo "2050"]
[BlackElo "1791"]
[PlyCount "49"]
[EventDate "2013.09.24"]
[EventType "swiss"]
[EventRounds "7"]
[EventCountry "DEN"]
[SourceTitle "EXT 2023"]
[Source "ChessBase"]
[SourceDate "2022.10.05"]
[SourceVersion "1"]
[SourceVersionDate "2022.10.05"]
[SourceQuality "1"]

1. d4 d5 2. c4 c6 3. Nc3 Nf6 4. e3 e6 5. Nf3 Nbd7 6. b3 Bd6 7. Be2 0-0 8. 0-0 Qe7 9. Bb2 dxc4 10. bxc4 e5 11. d5 cxd5 12. cxd5 e4 13. Nd2 Nb6 14. Nb5 Re8 15. h3 Nbxd5 16. Nxe4 Nxe4 17. Qxd5 Rd8 18. Nxd6 Rxd6 19. Qe5 Qxe5 20. Bxe5 Rd2 21. Rfd1 Be6 22. Bf3 Rxd1+ 23. Rxd1 Bf5 24. g4 Ng5 25. Bxb7 1-0

[Event "Logumkloster-chA"]
[Site "Logumkloster"]
[Date "2013.05.07"]
[Round "4"]
[White "Knott, Richard"]
[Black "Schroder, Borge"]
[Result "1-0"]
[WhiteElo "1692"]
[BlackElo "1721"]
[PlyCount "33"]
[EventDate "2013.04.09"]
[EventType "tourn"]
[EventRounds "5"]
[EventCountry "DEN"]
[SourceTitle "EXT 2023"]
[Source "ChessBase"]
[SourceDate "2022.10.05"]
[SourceVersion "1"]
[SourceVersionDate "2022.10.05"]
[SourceQuality "1"]

1. d4 b6 2. e4 Bb7 3. Bd3 e6 4. Nf3 d6 5. Be3 Nd7 6. 0-0 Ngf6 7. Nbd2 Be7 8. Re1 0-0 9. c3 c5 10. h3 h6 11. Bf4 e5 12. dxe5 dxe5 13. Bh2 Nh7 14. Bb5 f6 15. Nh4 Nb8 16. Bc4+ Kh8 17. Ng6# 1-0

[Event "Logumkloster-chA"]
[Site "Logumkloster"]
[Date "2013.04.30"]
[Round "3"]
[White "Kallesen, Jesper"]
[Black "Knott, Richard"]
[Result "0-1"]
[WhiteElo "1560"]
[BlackElo "1692"]
[PlyCount "48"]
[EventDate "2013.04.09"]
[EventType "tourn"]
[EventRounds "5"]
[EventCountry "DEN"]
[SourceTitle "EXT 2023"]
[Source "ChessBase"]
[SourceDate "2022.10.05"]
[SourceVersion "1"]
[SourceVersionDate "2022.10.05"]
[SourceQuality "1"]

1. e4 e6 2. d4 d5 3. exd5 exd5 4. Nc3 c6 5. Bd3 Bd6 6. Nf3 Ne7 7. 0-0 0-0 8. Bxh7+ Kxh7 9. Ng5+ Kg8 10. Qh5 Bf5 11. g4 Bg6 12. Qh3 f6 13. Ne6 Qd7 14. Nxf8 Kxf8 15. f4 Bxc2 16. f5 c5 17. Re1 cxd4 18. Qh8+ Kf7 19. Qh5+ Kg8 20. Ne2 Nbc6 21. Nf4 Bxf4 22. Bxf4 Be4 23. Rac1 Ne5 24. Red1 N7c6 0-1